Miasta z mylącą nazwą województwa - Statystyki

Ogólne statystyki
  • Ten quiz został rozwiązany 30 razy
  • Średni wynik to 8 z 13
Statystyki odpowiedzi
Województwo w nazwie Poprawne województwo Miasto Populacja miasta % Poprawnych
Podlaskie Lubelskie Biała Podlaska 54.453
88%
Wielkopolskie Lubuskie Gorzów Wielkopolski 115.847
73%
Podlaskie Lubelskie Radzyń Podlaski 14.293
73%
Mazowieckie Łódzkie Rawa Mazowiecka 16.090
73%
Podlaskie Mazowieckie Sokołów Podlaski 18.361
73%
Mazowieckie Łódzkie Tomaszów Mazowiecki 58.089
73%
Mazowieckie Podlaskie Wysokie Mazowieckie 9017
65%
Podlaskie Lubelskie Międzyrzec Podlaski 15.389
58%
Małopolskie Podkarpackie Sędziszów Małopolski 12.368
54%
Małopolskie Podkarpackie Głogów Małopolski 10.583
46%
Małopolskie Podkarpackie Sokołów Małopolski 4346
42%
Śląskie Opolskie Gorzów Śląski 2420
31%
Wielkopolskie Kujawsko-Pomorskie Janowiec Wielkopolski 3699
27%
Nie znaleziono quizów pasujących do podanych kryteriów
Rozkład punktacji
Procent ludzi z każdym wynikiem
Percentyl według liczby udzielonych odpowiedzi
Twoja historia wyników
Nie rozwiązałeś tego quizu